00487nam a2200145 a 4500008004100000020001800041050001500059110005500074245009500129260003400224300001500258350000900273650001700282650004200299080825s2007 ||||||||||||||||| || u a9789211541816 aUNAIDS(02) aUnited Nations Economic and Social Affairs (UNESA)10aHandbook on HIV and human rights for national human rights institutionscby United Nations aGeneva:bUNITED NATIONSc2007 a46p.: ill. a0.00 0aHUMAN RIGHTS aAIDS (DISEASE)--HANDBOOKS MANUALS ETC